Normal view
MARC view
Entry Personal Name
001 - CONTROL NUMBER
- control field: 24085
003 - CONTROL NUMBER IDENTIFIER
- control field: OSt
005 - DATE AND TIME OF LATEST TRANSACTION
- control field: 20151229153132.0
008 - FIXED-LENGTH DATA ELEMENTS
- fixed length control field: 151229|| aca||aabn | a|a d
040 ## - CATALOGING SOURCE
- Original cataloging agency: OSt
- Transcribing agency: OSt
100 ## - HEADING--PERSONAL NAME
- Personal name: Aiyangar, K V Rangaswami
670 ## - SOURCE DATA FOUND
- Source citation: Work cat.: (OSt)34804: Aiyangar, K V Rangaswami, Some Aspects of the Hindu View of Life Acconding to Dharmasastra, 1952









